Lady Gaga - Toutes les chansons - Statistiques

Statistiques générales
  • Ce quiz a été pris 413 fois
    20 depuis la dernière actualisation
  • Le résultat moyen est 73 sur 177
Statistiques - réponses
Hint Réponse % Correct
The Fame Monster 1 Bad Romance
100%
Born This Way 2 Born This Way
100%
The Fame 2 LoveGame
100%
The Fame 3 Paparazzi
100%
Mayhem 2 Abracadabra
93%
Artpop 14 Applause
93%
Mayhem 1 Disease
93%
Joanne 3 Joanne
93%
The Fame 1 Just Dance (featuring Colby O'Donis)
93%
The Fame 4 Poker Face
93%
Chromatica 4 Rain on Me (featuring Ariana Grande)
93%
Joanne 7 Million Reasons
87%
The Fame Monster 6 Telephone (featuring Beyoncé)
87%
The Fame Monster 2 Alejandro
80%
The Fame 5 Eh, Eh (Nothing Else I Can Say)
80%
Born This Way 4 Judas
80%
Born This Way 14 The Edge of Glory
80%
Mayhem 5 Vanish into You
80%
Chromatica 8 911
73%
Mayhem 14 Die with a Smile (featuring Bruno Mars)
73%
Mayhem 3 Garden of Eden
73%
Born This Way 1 Marry the Night
73%
Singles 2018 Shallow pour A Star Is Born
73%
The Fame 7 The Fame
73%
Artpop 2 Venus
73%
Singles 2018 Always Remember Us This Way pour A Star Is Born
67%
Artpop 7 ARTPOP
67%
Born This Way 3 Government Hooker
67%
Joanne 4 John Wayne
67%
Chromatica 2 Alice
60%
Born This Way 5 Americano
60%
Joanne 2 A-YO
60%
Cheek to Cheek 2 Cheek to Cheek avec Tony Bennett
60%
The Fame 6 Beautiful, Dirty, Rich
60%
Artpop 3 G.U.Y.
60%
Born This Way 6 Hair
60%
Chromatica 3 Stupid Love
60%
Chromatica Édition Deluxe 19 Stupid Love (Vitaclub Warehouse Mix)
60%
Born This Way 13 Yoü and I
60%
Mayhem 7 Zombieboy
60%
Artpop 1 Aura
53%
Born This Way 9 Bad Kids
53%
Born This Way Édition Deluxe 15 Black Jesus † Amen Fashion
53%
Born This Way 8 Bloody Mary
53%
The Fame 10 Boys Boys Boys
53%
Chromatica 1 Chromatica I
53%
Chromatica 7 Chromatica II
53%
The Fame Monster 5 Dance in the Dark
53%
Artpop 9 Donatella
53%
Mayhem 10 Don't Call Tonight
53%
Born This Way 12 Electric Chapel
53%
Artpop 10 Fashion!
53%
Chromatica 5 Free Woman
53%
Artpop 13 Gypsy
53%
Singles 2022 Hold My Hand pour Top Gun: Maverick
53%
Mayhem 9 How Bad Do U Want Me
53%
Love for Sale 3 Love for Sale avec Tony Bennett
53%
Artpop 6 MANiCURE
53%
The Fame 8 Money Honey
53%
The Fame Monster 3 Monster
53%
The Fame 11 Paper Gangsta
53%
Joanne 6 Perfect Illusion
53%
Chromatica 12 Replay
53%
The Fame Monster 7 So Happy I Could Die
53%
The Fame 9 Starstruck (featuring Space Cowboy & Flo Rida)
53%
The Fame Monster 8 Teeth
53%
Chromatica 16 Babylon
47%
The Fame 12 Brown Eyes
47%
Chromatica 13 Chromatica III
47%
Joanne 1 Diamond Heart
47%
The Fame 15 Disco Heaven
47%
Artpop 12 Dope
47%
Harlequin 9 Folie à Deux
47%
Chromatica 6 Fun Tonight
47%
Born This Way 11 Heavy Metal Lover
47%
Artpop 5 Jewels N' Drugs (featuring T.I., Too Short et Twista)
47%
Mayhem 6 Killah (featuring Gesaffelstein)
47%
Mayhem 8 LoveDrug
47%
Mayhem 4 Perfect Celebrity
47%
Chromatica 9 Plastic Doll
47%
Born This Way 7 Scheiße
47%
Artpop 4 Sexxx Dreams
47%
Chromatica 10 Sour Candy (featuring Blackpink)
47%
The Fame Monster 4 Speechless
47%
The Fame 14 Summerboy
47%
Artpop 8 Swine
47%
Harlequin 8 The Joker
47%
Born This Way Édition Deluxe 17 The Queen
47%
Chromatica 15 1000 Doves
40%
Chromatica Édition Deluxe 18 1000 Doves (Piano Demo)
40%
Cheek to Cheek 1 Anything Goes avec Tony Bennett
40%
Mayhem 13 Blade of Grass
40%
Joanne 9 Come to Mama
40%
Singles 2013 Do What U Want (featuring Christina Aguilera)
40%
Chromatica 11 Enigma
40%
Harlequin 2 Get Happy
40%
The Fame 13 I Like It Rough
40%
Artpop 11 Mary Jane Holland
40%
Mayhem 11 Shadow of a Man
40%
Chromatica 14 Sine from Above (featuring Elton John)
40%
Mayhem 12 The Beast
40%
Mayhem Édition Deluxe 15 Can't Stop the High
33%
Born This Way Édition Deluxe 16 Fashion of His Love
33%
Joanne Édition Deluxe 12 Grigio Girls
33%
Harlequin 12 Happy Mistake
33%
Joanne 10 Hey Girl (featuring Florence Welch)
33%
Born This Way 10 Highway Unicorn (Road to Love)
33%
Mayhem Édition Deluxe 16 Kill for Love
33%
Harlequin 7 Smile
33%
Harlequin 13 That's Life
33%
Singles 2017 The Cure
33%
Joanne 11 Angel Down
27%
Joanne Édition Deluxe 14 Angel Down (Work Tape)
27%
Joanne 5 Dancin' In Circles
27%
Harlequin 1 Good Morning
27%
Cheek to Cheek 6 Goody Goody avec Tony Bennett
27%
Singles 2018 Hair Body Face pour A Star Is Born
27%
Harlequin 5 If My Friends Could See Me Now
27%
Joanne Édition Deluxe 13 Just Another Day
27%
Cheek to Cheek 5 Nature Boy avec Tony Bennett
27%
Harlequin 3 Oh, When the Saints
27%
Joanne 8 Sinner's Prayer
27%
Singles 2015 Til It Happens to You pour"The Hunting Ground"
27%
Harlequin 11 Close to You
20%
Singles 2018 I'll Never Love Again pour A Star Is Born
20%
Singles 2018 Look What I Found pour A Star Is Born
20%
The Fame Monster (International Deluxe) 10 Retro, Dance, Freak
20%
Singles 2026 Runway (feat. Doechii) pour Le Diable s'habille en Prada 2
20%
Singles 2024 Santa Claus is Coming to Town
20%
Harlequin 6 That's Entertainment
20%
Singles 2022 Top Gun Anthem (featuring Harold Faltermayer, Hans Zimmer & Lorne Balfe) pour Top Gun: Maverick
20%
Collaborations 2014 Winter Wonderland de Tony Bennett
20%
Singles 2018 Before I Cry pour A Star Is Born
13%
Singles 2018 Diggin' My Grave pour A Star Is Born
13%
Love for Sale 5 I've Got You Under My Skin avec Tony Bennett
13%
Harlequin 10 Gonna Build a Mountain
13%
Singles 2018 Heal Me pour A Star Is Born
13%
Cheek to Cheek 4 I Can't Give You Anything But Love avec Tony Bennett
13%
Singles 2018 I Don't Know What Love Is pour A Star Is Born
13%
Love for Sale 7 I Get a Kick Out of You avec Tony Bennett
13%
Singles 2018 Is That Alright? pour A Star Is Born
13%
Cheek to Cheek Édition Deluxe 15 It Don't Mean a Thing (If It Ain't Got That Swing) avec Tony Bennett
13%
Singles 2024 I've Got the World On A String pour Joker: Folie à Deux
13%
Cheek to Cheek 9 I Won't Dance avec Tony Bennett
13%
Singles 2018 La Vie en rose pour A Star Is Born
13%
Chromatica Édition Deluxe 17 Love Me Right
13%
Cheek to Cheek 11 Lush Life avec Tony Bennett
13%
Singles 2018 Music to My Eyes pour A Star Is Born
13%
Collaborations 2023 Sweet Sounds de The Rolling Stones
13%
Singles 2018 Why Did You Do That? pour A Star Is Born
13%
Singles 2018 Your Song
13%
The Fame Monster (International Deluxe) 9 Again Again
7%
Singles 2024 Bewitched (featuring Joaquin Phoenix) pour Joker: Folie à Deux
7%
Cheek to Cheek Édition Deluxe 14 But Beautiful avec Tony Bennett
7%
Singles 2008 Christmas Tree (featuring Space Cowboy)
7%
Singles 2022 Dagger One Is Hit / Time To Let Go (featuring Harold Faltermayer, Hans Zimmer & Lorne Balfe) pour Top Gun: Maverick
7%
Love for Sale 4 Do I Love You? (Gaga solo)
7%
Cheek to Cheek 3 Don't Wait Too Long avec Tony Bennett
7%
Love for Sale 10 Dream Dancing avec Tony Bennett
7%
Cheek to Cheek 7 Ev'ry Time We Say Goodbye avec Tony Bennett
7%
Cheek to Cheek 8 Firefly avec Tony Bennett
7%
Love for Sale 6 I Concentrate on You avec Tony Bennett
7%
Love for Sale 1 It's De-Lovely avec Tony Bennett
7%
Harlequin 4 I've Got the World On A String on a String
7%
Love for Sale Édition Deluxe 11 Just One of Those Things (Bennett solo)
7%
Love for Sale 9 Let's Do It (Gaga solo)
7%
Cheek to Cheek Édition Deluxe 13 Let's Face the Music and Dance avec Tony Bennett
7%
Love for Sale 2 Night and Day avec Tony Bennett
7%
Singles 2022 Penny Returns - Interlude(featuring Harold Faltermayer, Hans Zimmer & Lorne Balfe) pour Top Gun: Maverick
7%
Singles 2026 Shape of a Woman pour Le Diable s'habille en Prada 2
7%
Love for Sale 8 So in Love (Bennett solo)
7%
Cheek to Cheek Édition Deluxe 12 Sophisticated avec Tony Bennett
7%
Singles 2022 Tally Two / What's The Plan / F-14 (featuring Harold Faltermayer, Hans Zimmer & Lorne Balfe) pour Top Gun: Maverick
7%
Singles 2022 The Man, The Legend / Touchdown (featuring Harold Faltermayer, Hans Zimmer & Lorne Balfe) pour Top Gun: Maverick
7%
Cheek to Cheek 10 They All Laughed avec Tony Bennett
7%
Love for Sale Édition Deluxe 12 You're the Top avec Tony Bennett
7%
Singles 2022 You're Where You Belong /Give 'Em Hell (featuring Harold Faltermayer, Hans Zimmer & Lorne Balfe) pour Top Gun: Maverick
7%
Aucun quiz correspondant
Distribution des résultats
% des personnes avec chaque résultat
Percentile par nombre de réponses
Votre historique - résultats
Vous n’avez pas pris ce quiz depuis la dernière actualisation